Statistiques concernant Capitales des pays participants à la coupe du monde de foot 2006

Cliquez ici pour prendre le quiz!

Statistiques générales

  • Ce quiz a été pris 49 fois
  • Le résultat moyen est 22 sur 32

Statistiques - réponses

Capitales% Correct
Berlin
100%
Lisbonne
98%
Paris
98%
Rome
98%
Brasilia
96%
Londres
93%
Madrid
93%
Buenos Aires
91%
Washington
91%
Amsterdam
89%
Stockholm
82%
Canberra
80%
Tokyo
80%
Berne
78%
Mexico
78%
Séoul
73%
Kiev
69%
Tunis
69%
Varsovie
67%
Zagreb
67%
Belgrade
64%
Quito
60%
Riyad
58%
Tehéran
56%
Prague
51%
Yamoussoukro
51%
Asuncion
49%
San José
47%
Accra
42%
Lomé
38%
Luanda
22%
Port d'Espagne
11%

Distribution des résultats

Percentile par nombre de réponses

% des personnes avec chaque résultat

Votre développement - résultats

Vous n’avez pas pris ce quiz